Miss Manners' guide for the turn-of-the-millennium / (Record no. 993)

MARC details
000 -LEADER
fixed length control field 01070cam a22003138a 4500
005 - DATE AND TIME OF LATEST TRANSACTION
control field 20260322212042.0
008 - FIXED-LENGTH DATA ELEMENTS--GENERAL INFORMATION
fixed length control field data
010 ## - LIBRARY OF CONGRESS CONTROL NUMBER
LC control number 90036329
020 ## - INTERNATIONAL STANDARD BOOK NUMBER
International Standard Book Number 067172228X
020 ## - INTERNATIONAL STANDARD BOOK NUMBER
International Standard Book Number 9780671722289
040 ## - CATALOGING SOURCE
Original cataloging agency DLC
Transcribing agency DLC
Modifying agency DLC
050 10 - LIBRARY OF CONGRESS CALL NUMBER
Classification number BJ1853
Item number .M2935 1990
082 00 - DEWEY DECIMAL CLASSIFICATION NUMBER
Classification number 395
Edition information 20
092 ## - LOCALLY ASSIGNED DEWEY CALL NUMBER (OCLC)
Classification number 395 M2935 1990
001 - CONTROL NUMBER
control field data
100 1# - MAIN ENTRY--PERSONAL NAME
Personal name Martin, Judith,
Dates associated with a name 1938-
245 10 - TITLE STATEMENT
Title Miss Manners' guide for the turn-of-the-millennium /
Statement of responsibility, etc. Judith Martin.
250 ## - EDITION STATEMENT
Edition statement 1st Fireside ed.
260 ## - PUBLICATION, DISTRIBUTION, ETC.
Place of publication, distribution, etc. New York :
Name of publisher, distributor, etc. Simon & Schuster,
Date of publication, distribution, etc. 1990.
263 ## - PROJECTED PUBLICATION DATE
Projected publication date 1111
300 ## - PHYSICAL DESCRIPTION
Extent p. cm.
500 ## - GENERAL NOTE
General note "A Fireside book."
500 ## - GENERAL NOTE
General note Includes index.
650 #0 - SUBJECT ADDED ENTRY--TOPICAL TERM
Topical term or geographic name entry element Etiquette.
856 42 - ELECTRONIC LOCATION AND ACCESS
Materials specified Contributor biographical information
Uniform Resource Identifier <a href="http://www.loc.gov/catdir/bios/simon051/90036329.html">http://www.loc.gov/catdir/bios/simon051/90036329.html</a>
856 42 - ELECTRONIC LOCATION AND ACCESS
Materials specified Publisher description
Uniform Resource Identifier <a href="http://www.loc.gov/catdir/description/simon031/90036329.html">http://www.loc.gov/catdir/description/simon031/90036329.html</a>
856 41 - ELECTRONIC LOCATION AND ACCESS
Materials specified Table of contents only
Uniform Resource Identifier <a href="http://www.loc.gov/catdir/enhancements/fy0631/90036329-t.html">http://www.loc.gov/catdir/enhancements/fy0631/90036329-t.html</a>
856 41 - ELECTRONIC LOCATION AND ACCESS
Materials specified Sample text
Uniform Resource Identifier <a href="http://www.loc.gov/catdir/enhancements/fy0641/90036329-s.html">http://www.loc.gov/catdir/enhancements/fy0641/90036329-s.html</a>
Holdings
Withdrawn status Lost status Damaged status Not for loan Home library Current library Shelving location Date acquired Total checkouts Full call number Barcode Date last seen Price effective from Koha item type
        Centerville Centerville General stacks 22/03/2026   395 20 BC0011026 22/03/2026 22/03/2026 Books